000 00705nam a2200289Ia 4500
005 20260324130702.0
008 008 260324s9999 xx 000 0 eng d
020 _a9781315602639
037 _aEBOOK
040 _aCRL
040 _beng
040 _cCRL
041 _2eng
041 _aeng
084 _qCRL
100 _aIngo Mose
_91182713
245 0 _aProtected Areas and Regional Development in Europe
245 0 _bTowards a New Model for the 21st Century
260 _bTaylor and Francis
260 _c2007
365 _a
365 _b240
856 _uhttp://www.taylorfrancis.com/books/9781315602639
942 _cEBOOK
999 _c1779096
_d1779096